000
00263nam a22001217a 4500
008
170511b xxu||||| |||| 00| 0 eng d
041
_a
eng
080
_a
342
100
_a
15
101
_a
SHJ
245
_a
ADMINISTRATIVE LAW TEXT
_c
DAVIS, K.C
942
_2
udc
_c
BK
999
_c
13196
_d
13196